Μέθοδοι συντήρησης του πεντελικού μαρμάρου = Methods for the conservation of Pentelic marble

Αποθηκεύτηκε σε:
Λεπτομέρειες βιβλιογραφικής εγγραφής
Κύριος συγγραφέας: Σκουλικίδης, Θεόδωρος Ν. 1925-
Συγγραφή απο Οργανισμό/Αρχή: Ελλάς. Υπουργείο Πολιτισμού. Υπηρεσία Συντηρήσης Μνημείων Ακροπόλεως
Μορφή: Βιβλίο
Γλώσσα:Greek
English
Δημοσίευση: Αθήνα : Υπουργείο Πολιτισμού. Επιτροπή Συντηρήσεως Μνημείων Ακροπόλεως, 2002.
Θέματα:
Ετικέτες: Προσθήκη ετικέτας
Δεν υπάρχουν, Καταχωρήστε ετικέτα πρώτοι!

MARC

LEADER 00000cam a2200000 i 4500
001 1/31209
008 060619s2002####gr | | ||| |||| ||gre||
020 |a 960-214-036-4  
035 |l 10084346  
040 |a GR-MY-UA  |b gre  |e aacr 
041 0 |a gre  |a eng 
082 0 |a 733.309385   |2 (22)  
100 1 |a Σκουλικίδης, Θεόδωρος Ν.  |d 1925- 
245 1 0 |a Μέθοδοι συντήρησης του πεντελικού μαρμάρου =   |b Methods for the conservation of Pentelic marble /   |c Θεόδωρος Σκουλικίδης.  
246 1 |i Παράλληλος τίτλος:   |a Methods for the conservation of Pentelic marble  
260 |a Αθήνα :   |b Υπουργείο Πολιτισμού. Επιτροπή Συντηρήσεως Μνημείων Ακροπόλεως,   |c 2002.  
300 |a 52 σ. :   |b έγχρ. εικ., σχεδ. ;   |c 30 εκ.  
500 |a Κείμενο στα αγγλικά και στα ελληνικά.  
504 |a Περιέχει βιβλιογραφία (σ. 34-37).  
650 0 0 |a Marble  |x Conservation  |z Greece. 
650 0 0 |a Architecture  |z Greece. 
650 0 0 |a Monuments  |x Conservation and restoration  |z Greece  |z Athens. 
650 0 0 |a Marble sculpture, Greek. 
651 0 |a Acropolis (Athens, Greece) 
710 1 |a Ελλάς.   |b Υπουργείο Πολιτισμού.   |b Υπηρεσία Συντηρήσης Μνημείων Ακροπόλεως. 
852 |a INST  |b LESVOS  |e 20060619  |h 733.309385 ΣΚΟ  |p 005100036116  |q 005100036116  |t BK  |y 0 
901 |a BIBL1-2006-2 
909 |a Λ  |b 103195 
970 |a ΚΑΡΑ  |b ΓΙΑΣΕΜΗ  |z 2006/06/19